| 000 | 00624nam a22001937a 4500 | ||
|---|---|---|---|
| 003 | OSt | ||
| 005 | 20180116183031.0 | ||
| 008 | 151218b xxu||||| |||| 00| 0 eng d | ||
| 020 | _a03-836-2014-2 | ||
| 024 | _203-836-2014-2 | ||
| 040 | _cLahore LUMS | ||
| 082 | _a174.4 LUM 2014 | ||
| 100 | _aKHAN JH, JALIL MN, MEHMOOD A | ||
| 245 |
_aPUBLIC SECTOR PROCUREMENT STAGE 6: AWARDING CONTRACTS _cKHAN JH, JALIL MN, MEHMOOD A |
||
| 260 |
_aLahore LUMS _b Lahore University of Management Sciences _c2014 |
||
| 300 |
_a50 p. _bPapers |
||
| 440 | _aPUBLIC SECTOR PROCUREMENT STAGE 6: AWARDING CONTRACTS | ||
| 942 |
_2ddc _cCS |
||
| 999 |
_c350992 _d350992 |
||